[Event "Horsens op"]
[Site "Horsens"]
[Date "2011.07.??"]
[Round "1"]
[White "Mustonen, Tapani"]
[Black "Andersen, Jackie"]
[Result "0-1"]
[WhiteElo "2020"]
[BlackElo "2346"]
[PlyCount "80"]
[EventDate "2011.07.??"]
[EventType "swiss"]
[EventRounds "7"]
[EventCountry "DEN"]
[SourceTitle "EXT 2012"]
[Source "ChessBase"]
[SourceDate "2011.11.24"]
[SourceVersion "1"]
[SourceVersionDate "2011.11.24"]
[SourceQuality "1"]

1. d4 b5 2. e4 Bb7 3. Nd2 a6 4. b3 e6 5. Ngf3 c5 6. Bd3 Nf6 7. Qe2 Nc6 8. c3 cxd4 9. cxd4 Nb4 10. 0-0 Nxd3 11. Qxd3 Be7 12. Bb2 0-0 13. Rac1 Rc8 14. Rxc8 Qxc8 15. Rc1 Qa8 16. Re1 Rc8 17. d5 exd5 18. e5 Ne4 19. Nxe4 dxe4 20. Qxd7 exf3 21. Qxe7 Re8 22. Qd7 Qc8 23. Qxc8 Rxc8 24. Rc1 Rxc1+ 25. Bxc1 fxg2 26. f4 Kf8 27. Be3 Ke7 28. f5 Be4 29. Bc5+ Kd7 30. h4 g6 31. f6 Ke6 32. Bd6 Kf5 33. b4 Bd5 34. h5 gxh5 35. a3 h4 36. Kh2 h3 37. Kg1 Be6 38. Kf2 Kf4 39. Bc7 g1Q+ 40. Kxg1 Kg3 0-1